Subdivision by Flag Map #2 - Statistics

General Stats
  • This quiz has been taken 30 times
  • The average score is 5 of 16
Answer Stats
Picture Answer % Correct
British Columbia
100%
South Australia
86%
New South Wales
79%
Mato Grosso
64%
Texas
43%
Alberta
36%
Irkutsk
29%
Khabarovsk Krai
21%
Saskatchewan
21%
Chukotka
14%
Manitoba
14%
Bahia
7%
Minas Gerais
7%
Qinghai
7%
Yamalia
7%
Khanty-Mansi
0%
No matching quizzes found
Score Distribution
Percent of People with Each Score
Percentile by Number Answered
Your Score History
You have not taken this quiz